Habitats, flora, mammals, and wasps of Gebel'Uweinat, Libyan Desert
Salvato in:
| Autori principali: | , |
|---|---|
| Natura: | Libro |
| Lingua: | inglese |
| Pubblicazione: |
Washington, D.C
Smithsonian Institution
1969
|
| Serie: | Smithsonian Contributions to Zoology, 11
|
| Soggetti: | |
| Tags: |
Aggiungi Tag
Nessun Tag, puoi essere il primo ad aggiungerne!!
|
MARC
| LEADER | 00000nam a2200000 a 4500 | ||
|---|---|---|---|
| 001 | UCL7417 | ||
| 003 | CL-VaPUC | ||
| 008 | 040520e19690000US |||||||||||||||||eng|d | ||
| 082 | 0 | 4 | |a 577.54 |b OSB |2 21 |
| 100 | |a Osborn, Dale J. |e author |9 485265 | ||
| 700 | |a Krombein, Karl V |e author |9 485290 | ||
| 245 | 1 | 0 | |a Habitats, flora, mammals, and wasps of Gebel'Uweinat, Libyan Desert |
| 300 | |a 18 p | ||
| 942 | |c BK | ||
| 945 | |d 20040520 00:00:00 |a cmena | ||
| 260 | |a Washington, D.C |b Smithsonian Institution |c 1969 | ||
| 650 | 7 | |a ECOLOGIA ANIMAL |2 CL-VaPUC |9 485267 | |
| 650 | 0 | |a Flora y fauna |9 338564 | |
| 650 | 0 | |a Zonas áridas |9 358250 | |
| 651 | 7 | |a DESIERTO DE LIBIA |2 CL-VaPUC |9 485268 | |
| 583 | |a last modification |c 20040520 00:00:00 |k Rodrigo Vera | ||
| 490 | 0 | |a Smithsonian Contributions to Zoology, 11 | |
| 999 | |c 309166 |d 309164 | ||